• 首页
  • 本馆介绍
  • 公告通知
  • 最新文献
  • 馆藏检索
  • 电子资源
  • 读者导购
  • 参考咨询
  • 我的图书馆
  • 登录
  • 详细信息显示
  • 放入我的书架
  • 预约/预借图书
  • 作者相关作品
  • 分类相关作品
  • 丛书相关作品
  • 出版社相关作品

书目信息

  • 表格格式
  • 工作单格式
  • 卡片格式
题名:
汽车材料
    
 
作者: 陈元文 主编
分册:  
出版信息: 南京   江苏凤凰教育出版社  2016.1
页数: 200页
开本: 26cm
丛书名:
单 册:
中图分类: U465
科图分类:
主题词: 汽车--工程材料--教材
电子资源:
ISBN: 978-7-5499-5281-6
000 00813nam0 2200229 450
001 0400003335
005 20171022085307.0
010    @a978-7-5499-5281-6@dCNY36.00
100    @a20150728e20172016em y0chiy0110 ea
101 0  @achi
102    @aCN@b320000
105    @ay z 000yy
106    @ar
200 1  @a汽车材料@9qi che cai liao@f陈元文主编
210    @a南京@c江苏凤凰教育出版社@d2016.1@h2017.4
215    @a200页@d26cm
330    @a本书全面、系统地介绍了汽车空调的工作原理、结构、使用和检修技术,内容包括汽车空调的基础知识,制冷系统的组成及原理,暖风系统,空调系统电路,控制系统及各类汽车空调系统的使用与检修技术,有较强的实用性和可读性。
606 0  @a汽车@x工程材料@j教材
690    @aU465@v5
701  0 @a陈元文@9chen yuan wen@4主编
801  0 @aCN@b91CIP@c20171022
905    @b1022645-9@dU465@f5@e465
    
    汽车材料/陈元文主编.-南京:江苏凤凰教育出版社,2016.1(2017.4)
    200页;26cm
    
    
    ISBN 978-7-5499-5281-6:CNY36.00
    本书全面、系统地介绍了汽车空调的工作原理、结构、使用和检修技术,内容包括汽车空调的基础知识,制冷系统的组成及原理,暖风系统,空调系统电路,控制系统及各类汽车空调系统的使用与检修技术,有较强的实用性和可读性。
●
相关链接 在E读中查询图书 在五车中查询图书 在当当中查询图书 在豆瓣中查询图书


正题名:汽车材料     索取号:U465/465         预约/预借

序号 登录号 条形码 馆藏地/架位号 状态 备注
1 1022645   210226450   第二样本阅览室/ [索取号:U465/465] 在馆    
2 1022646   210226469   密集书库-物理学院/ [索取号:U465/465] 在馆    
3 1022647   210226478   第三借阅区/ [索取号:U465/465] 在馆    
4 1022648   210226487   第三借阅区/ [索取号:U465/465] 在馆    
5 1022649   210226496   第三借阅区/ [索取号:U465/465] 在馆    
唐山师范学院图书馆 欢迎您!
大连网信软件有限公司© 版权所有